LEADER 00819nam0-22003011i-450- 001 990001635460403321 005 20050331102853.0 035 $a000163546 035 $aFED01000163546 035 $a(Aleph)000163546FED01 035 $a000163546 100 $a20030910d1963----km-y0itay50------ba 101 0 $aeng 200 1 $aPlant diseases$eepidemics and control$fJ.E. Van der Plank 210 $aNew York and London$cAcademic Press$d1963 215 $aXVI, 349 p.$d24 cm 610 0 $aFitopatologia 610 0 $aDifesa vegetale 676 $a581.2 676 $a632.9 700 1$aPlank,$bJ.E. Van der$064839 801 0$aIT$bUNINA$gRICA$2UNIMARC 901 $aBK 912 $a990001635460403321 952 $a60 581.28 B 4$b43210$fFAGBC 959 $aFAGBC 996 $aPlant diseases$9367464 997 $aUNINA LEADER 00825nam0-22003011i-450- 001 990005505160403321 005 20110411120705.0 035 $a000550516 035 $aFED01000550516 035 $a(Aleph)000550516FED01 035 $a000550516 100 $a19990604d1941----km-y0itay50------ba 101 0 $aita 105 $aa-------00--- 200 1 $aVan Dyck$fAntonio Muņoz 210 $aNovara$cIstituto geografico De Agostini$d1941 215 $aXXIX, 128 p.$cill.$d34 cm 610 0 $aPittura fiamminga 676 $a759.9493 700 1$aDyck,$bAntonio Van$0399753 702 1$aMuņoz,$bAntonio$f<1884-1960> 801 0$aIT$bUNINA$gRICA$2UNIMARC 901 $aBK 912 $a990005505160403321 952 $a759.94 MUN 1$bST.ARTE 5256$fFLFBC 959 $aFLFBC 996 $aVan Dyck$9588870 997 $aUNINA